| 000 | 01064nam a22002057a 4500 | ||
|---|---|---|---|
| 999 |
_c60977 _d60977 |
||
| 005 | 20231201150011.0 | ||
| 008 | 231201s2007ru xxu||||| |||| 00| 0 rus d | ||
| 020 | _a 9785891641952 X | ||
| 041 | _arus | ||
| 080 | _a748+902 А-47 | ||
| 100 |
_a Алексеева, Екатерина Михайловна _920544 |
||
| 245 |
_aКоллекция стекла античной Горгиппии _b (I - III вв.) / _cЕ. М. Алексеева, Н. П. Сорокина |
||
| 264 |
_a Москва : _b Интербук-бизнес, _c2007. |
||
| 300 |
_a159 с. : _bил., цв.ил., карты. _c22 см. |
||
| 500 | _a Библиогр.: с. 157-159. | ||
| 653 | _a Стеклянные художественные изделия античные--Горгиппия, античный город (Боспорское государство) | ||
| 653 | _aანტიკური გორგიპიას მინის კოლექცია | ||
| 700 |
_aСорокина, Н. П _eავტორი _920545 |
||
| 942 |
_2udc _cᲬᲘᲒᲜᲘ |
||